Angličtina ako medzinárodný jazyk - súčasná situácia a perspektívy

Faktory, ktoré aj dnes podporujú rozširovanie angličtiny vo svete. Faktory, ktoré ovplyvnia postavenie angličtiny ako medzinárodného jazyka v budúcnosti. Dominantné postavenie angličtiny - negatívne dôsledky. Pozícia angličtiny na Slovensku.

Gespeichert in:
Bibliographische Detailangaben
1. Verfasser: Pašková, Hana
Weitere Verfasser: Zsapková, Eleonóra
Format: Buchkapitel
Sprache:Slowakisch
Schlagworte:
Tags: Tag hinzufügen
Keine Tags, Fügen Sie das erste Tag hinzu!

MARC

LEADER 00000nla$a2200000$$$4500
001 0119811
005 20240502072333.8
041 0 |a slo 
044 |a SK 
245 1 0 |a Angličtina ako medzinárodný jazyk - súčasná situácia a perspektívy  |c Hana Pašková, Eleonóra Zsapková 
520 |a Faktory, ktoré aj dnes podporujú rozširovanie angličtiny vo svete. Faktory, ktoré ovplyvnia postavenie angličtiny ako medzinárodného jazyka v budúcnosti. Dominantné postavenie angličtiny - negatívne dôsledky. Pozícia angličtiny na Slovensku. 
610 2 0 |a jazyky cudzie 
610 2 0 |a komunikácia 
610 2 0 |a angličtina 
610 2 0 |a vzťahy medzinárodné 
100 1 |a Pašková, Hana 
700 1 |a Zsapková, Eleonóra